Fluid power with applications (Record no. 132867)

000 -LEADER
fixed length control field 00372nam a2200133Ia 4500
008 - FIXED-LENGTH DATA ELEMENTS--GENERAL INFORMATION
fixed length control field 220120s9999||||xx |||||||||||||| ||und||
082 ## - DEWEY DECIMAL CLASSIFICATION NUMBER
Classification number 620.106 ESP
100 ## - MAIN ENTRY--PERSONAL NAME
Personal name Esposito, Anthony
245 #0 - TITLE STATEMENT
Title Fluid power with applications
250 ## - EDITION STATEMENT
Edition statement 6th
260 ## - PUBLICATION, DISTRIBUTION, ETC.
Place of publication, distribution, etc. Pearson education of asia
Name of publisher, distributor, etc. Bangalooru
Date of publication, distribution, etc. 2013
300 ## - PHYSICAL DESCRIPTION
Extent 234p.
Other physical details 120
650 ## - SUBJECT ADDED ENTRY--TOPICAL TERM
Topical term or geographic name entry element ELECTRONICS AND COMMUNICATIONS
Holdings
Withdrawn status Lost status Damaged status Not for loan Collection code Home library Current library Date acquired Barcode Date last seen Price effective from Koha item type
        Mechanical Engineering Central Library Central Library 01/20/2022 ST523 01/20/2022 01/20/2022 Scheduled Tribe Book Bank

Powered by Koha